[Event "35t. Copenhagen Open (Politiken Cup)"]
[Site "Elsinore"]
[Date "2013.07.30"]
[Round "5"]
[White "Bach, Matthias"]
[Black "Brunello, Sabino"]
[Result "0-1"]
[WhiteElo "2251"]
[BlackElo "2593"]
[PlyCount "42"]
[EventDate "2013.07.27"]
[EventType "swiss"]
[EventRounds "10"]
[EventCountry "DEN"]
[Source "ChessBase"]
[SourceDate "2013.08.26"]

1. b4 Nf6 2. Bb2 d5 3. e3 Qd6 4. b5 e5 5. Nf3 Nbd7 6. Be2 Qe6 7. d3 Bd6 8. Nbd2
O-O 9. h3 Rd8 10. Qc1 Nf8 11. c4 Ng6 12. cxd5 Nxd5 13. d4 exd4 14. Nxd4 Qe7 15.
O-O Nxe3 16. fxe3 Qxe3+ 17. Kh1 Qg3 18. N4f3 Nf4 19. Rg1 Nxe2 20. Qc2 Qh2+ 21.
Nxh2 Ng3# 0-1

[Event "35t. Copenhagen Open (Politiken Cup)"]
[Site "Elsinore"]
[Date "2013.07.30"]
[Round "5"]
[White "Bekker Jensen, David"]
[Black "Collareta, Giovanni"]
[Result "1-0"]
[WhiteElo "2310"]
[BlackElo "2108"]
[PlyCount "51"]
[EventDate "2013.07.27"]
[EventType "swiss"]
[EventRounds "10"]
[EventCountry "DEN"]
[Source "ChessBase"]
[SourceDate "2013.08.26"]

1. d4 d5 2. c4 c6 3. Nc3 Nf6 4. e3 a6 5. Nf3 b5 6. b3 Bg4 7. Be2 e6 8. O-O Nbd7
9. Bb2 Bd6 10. h3 Bxf3 11. Bxf3 O-O 12. e4 b4 13. Nxd5 cxd5 14. e5 Rc8 15. exd6
dxc4 16. bxc4 Rxc4 17. d5 exd5 18. Bxd5 Nxd5 19. Qxd5 Rc5 20. Qd4 Qg5 21. f4
Qh6 22. Rac1 Rfc8 23. Rxc5 Rxc5 24. Re1 Rc8 25. Re7 Rd8 26. Qc4 1-0

[Event "35t. Copenhagen Open (Politiken Cup)"]
[Site "Elsinore"]
[Date "2013.07.30"]
[Round "5"]
[White "Bjorn, Lasse E"]
[Black "Merkesvik, Frode"]
[Result "0-1"]
[WhiteElo "1810"]
[BlackElo "1611"]
[PlyCount "56"]
[EventDate "2013.07.27"]
[EventType "swiss"]
[EventRounds "10"]
[EventCountry "DEN"]
[Source "ChessBase"]
[SourceDate "2013.08.26"]

1. e4 Nf6 2. Nc3 d6 3. d4 Nc6 4. Nf3 Bg4 5. Be2 e5 6. d5 Bxf3 7. dxc6 Bxe2 8.
cxb7 Bxd1 9. bxa8=Q Qxa8 10. Kxd1 Nxe4 11. Nxe4 Qxe4 12. f3 Qd4+ 13. Ke2 Be7
14. Rd1 Qc4+ 15. Kd2 Bg5+ 16. Ke1 h6 17. c3 Qh4+ 18. Kf1 Qxh2 19. Bxg5 hxg5 20.
Kf2 Qh4+ 21. Kg1 g4 22. fxg4 Qxg4 23. Rd2 Qg3 24. Rad1 Qe3+ 25. Rf2 Rh1+ 26.
Kxh1 Qxf2 27. g4 Qxb2 28. Rd3 Qb1+ 0-1

[Event "35t. Copenhagen Open (Politiken Cup)"]
[Site "Elsinore"]
[Date "2013.07.30"]
[Round "5"]
[White "Borg, Flemming"]
[Black "Spanton, Timothy"]
[Result "0-1"]
[WhiteElo "1855"]
[BlackElo "2015"]
[PlyCount "114"]
[EventDate "2013.07.27"]
[EventType "swiss"]
[EventRounds "10"]
[EventCountry "DEN"]
[Source "ChessBase"]
[SourceDate "2013.08.26"]

1. e4 e5 2. Nc3 Nf6 3. f4 d5 4. fxe5 Nxe4 5. d3 Nxc3 6. bxc3 d4 7. Bb2 Nc6 8.
Nf3 Bc5 9. cxd4 Nxd4 10. c3 Nxf3+ 11. Qxf3 O-O 12. d4 Bb6 13. Bc4 Qh4+ 14. Qf2
Qxf2+ 15. Kxf2 Be6 16. Bb3 Bxb3 17. axb3 Rfe8 18. Rhe1 Re6 19. c4 c6 20. Kf3 a6
21. Rad1 Rd8 22. Ke4 Ba5 23. Re2 Bb4 24. d5 cxd5+ 25. cxd5 Ree8 26. Rc1 Bd6 27.
Kf3 Bb8 28. Rd1 h6 29. g4 Kh7 30. h4 Kg8 31. h5 Rd7 32. Ke4 f6 33. e6 Rxe6+ 34.
dxe6 Rxd1 35. Ba3 Bd6 36. Bxd6 Rxd6 37. Kf5 Rd5+ 38. Kf4 Kf8 39. Rc2 Ke7 40.
Rc7+ Kxe6 41. Rxb7 Rb5 42. Rxb5 axb5 43. Ke4 Kd6 44. Kf5 Ke7 45. Kg6 Kf8 46.
Kf5 Kf7 47. Ke4 g6 48. Kd5 g5 49. b4 f5 50. gxf5 g4 51. Ke4 Kf6 52. Kf4 g3 53.
Kxg3 Kxf5 54. Kf3 Kg5 55. Ke4 Kxh5 56. Kf4 Kg6 57. Kg4 Kf6 0-1

[Event "35t. Copenhagen Open (Politiken Cup)"]
[Site "Elsinore"]
[Date "2013.07.30"]
[Round "5"]
[White "Boukhris, Yacine"]
[Black "Bendixen, Daniel"]
[Result "1-0"]
[WhiteElo "2058"]
[BlackElo "1885"]
[PlyCount "79"]
[EventDate "2013.07.27"]
[EventType "swiss"]
[EventRounds "10"]
[EventCountry "DEN"]
[Source "ChessBase"]
[SourceDate "2013.08.26"]

1. e4 e5 2. Nf3 Nc6 3. Bc4 d6 4. O-O Be7 5. c3 Nf6 6. Qe2 Na5 7. Bd3 c5 8. Bc2
Nc6 9. d3 Bg4 10. Re1 O-O 11. Nbd2 Rb8 12. Nf1 b5 13. Ne3 Bh5 14. Nf5 Bg4 15.
Ne3 Bh5 16. h3 Bg6 17. g4 d5 18. Nf5 h5 19. N3h4 Bxf5 20. Nxf5 g6 21. Nxe7+
Nxe7 22. Bg5 Nh7 23. Bh6 Re8 24. gxh5 g5 25. h4 Kh8 26. hxg5 Rg8 27. Kh2 Nxg5
28. Rg1 f6 29. Rg3 d4 30. Bb3 Kh7 31. Bxg8+ Nxg8 32. Bxg5 fxg5 33. Qg4 Kh6 34.
Rag1 dxc3 35. bxc3 Rb6 36. Qxg5+ Qxg5 37. Rxg5 Nf6 38. Rxe5 Nxh5 39. Rxc5 Rf6
40. Rf5 1-0

[Event "35t. Copenhagen Open (Politiken Cup)"]
[Site "Elsinore"]
[Date "2013.07.30"]
[Round "5"]
[White "Brorsen, Jacob Abildlund"]
[Black "Cherednichenko, Svetlana"]
[Result "1-0"]
[WhiteElo "2142"]
[BlackElo "2290"]
[PlyCount "77"]
[EventDate "2013.07.27"]
[EventType "swiss"]
[EventRounds "10"]
[EventCountry "DEN"]
[Source "ChessBase"]
[SourceDate "2013.08.26"]

1. d4 f5 2. g3 Nf6 3. Nf3 e6 4. c4 Be7 5. Bg2 O-O 6. O-O d6 7. Nc3 Ne4 8. Nxe4
fxe4 9. Nd2 d5 10. f3 Nc6 11. fxe4 Rxf1+ 12. Nxf1 dxc4 13. Be3 Bd7 14. Rc1 b5
15. e5 Rb8 16. Bf2 Qe8 17. Nd2 Rd8 18. Nf3 Qh5 19. Qd2 Be8 20. Qe3 Qf5 21. b3
Ba3 22. Rf1 Bb2 23. bxc4 bxc4 24. Nh4 Qg4 25. d5 Nxe5 26. Rb1 Rb8 27. Qxa7 Nd7
28. dxe6 Qxe6 29. Rd1 Rb5 30. a4 Re5 31. Qb7 Nb6 32. Qxc7 Nxa4 33. Rd6 Qf7 34.
Qc8 Nc3 35. Bf3 Ne4 36. Rd8 Kf8 37. Be3 c3 38. Bf4 Re7 39. Nf5 1-0

[Event "35t. Copenhagen Open (Politiken Cup)"]
[Site "Elsinore"]
[Date "2013.07.30"]
[Round "5"]
[White "Bruun, Hendrik Emil"]
[Black "Degerfeldt, Sven"]
[Result "1-0"]
[WhiteElo "2078"]
[BlackElo "1921"]
[PlyCount "67"]
[EventDate "2013.07.27"]
[EventType "swiss"]
[EventRounds "10"]
[EventCountry "DEN"]
[Source "ChessBase"]
[SourceDate "2013.08.26"]

1. e4 c5 2. Nf3 d6 3. d4 cxd4 4. Nxd4 Nf6 5. Nc3 a6 6. Be2 e6 7. Be3 Qc7 8. f4
Be7 9. O-O Nc6 10. a4 O-O 11. Nb3 d5 12. exd5 Nxd5 13. Nxd5 exd5 14. c3 Bf6 15.
a5 d4 16. cxd4 Qe7 17. Bf2 Rd8 18. Ra4 Be6 19. Bc4 Bxc4 20. Rxc4 Qe6 21. Qd3
Qd5 22. Qc3 Qe4 23. g3 Rd5 24. Nc5 Rxc5 25. Rxc5 Rd8 26. Re1 Qg6 27. Rxc6 bxc6
28. Qxc6 h5 29. Qxa6 h4 30. Qc6 hxg3 31. hxg3 Rxd4 32. Re8+ Kh7 33. Qh1+ Qh6
34. Qxh6+ 1-0

[Event "35t. Copenhagen Open (Politiken Cup)"]
[Site "Elsinore"]
[Date "2013.07.30"]
[Round "5"]
[White "Bue, Gunnar"]
[Black "Bjornes, Leif"]
[Result "1/2-1/2"]
[WhiteElo "1654"]
[BlackElo "1918"]
[PlyCount "23"]
[EventDate "2013.07.27"]
[EventType "swiss"]
[EventRounds "10"]
[EventCountry "DEN"]
[Source "ChessBase"]
[SourceDate "2013.08.26"]

1. d4 d5 2. c4 c6 3. e3 Nf6 4. Nf3 Bf5 5. Bd3 Bxd3 6. Qxd3 e6 7. O-O Nbd7 8.
Nc3 Be7 9. b3 O-O 10. Bb2 Rc8 11. Rac1 Qa5 12. a3 1/2-1/2

[Event "35t. Copenhagen Open (Politiken Cup)"]
[Site "Elsinore"]
[Date "2013.07.30"]
[Round "5"]
[White "Carnstam, Tomas"]
[Black "Fjellengen, Baard"]
[Result "1-0"]
[WhiteElo "2052"]
[BlackElo "1869"]
[PlyCount "41"]
[EventDate "2013.07.27"]
[EventType "swiss"]
[EventRounds "10"]
[EventCountry "DEN"]
[Source "ChessBase"]
[SourceDate "2013.08.26"]

1. Nf3 Nf6 2. b3 e6 3. Bb2 b6 4. g3 Bb7 5. Bg2 d6 6. O-O Nbd7 7. d4 Be7 8. Nbd2
O-O 9. Re1 c5 10. e4 cxd4 11. Nxd4 g6 12. e5 Bxg2 13. exf6 Bxf6 14. Kxg2 Qc7
15. Ne4 Qb7 16. Qf3 Kg7 17. Nxf6 Qxf3+ 18. Nxf3 Nxf6 19. Ng5 e5 20. f4 h6 21.
fxe5 1-0

[Event "35t. Copenhagen Open (Politiken Cup)"]
[Site "Elsinore"]
[Date "2013.07.30"]
[Round "5"]
[White "Christensen, Bo Garner"]
[Black "Sorensen, Dick"]
[Result "1-0"]
[WhiteElo "2256"]
[BlackElo "2000"]
[PlyCount "55"]
[EventDate "2013.07.27"]
[EventType "swiss"]
[EventRounds "10"]
[EventCountry "DEN"]
[Source "ChessBase"]
[SourceDate "2013.08.26"]

1. e4 g6 2. c4 Bg7 3. d4 d6 4. Nc3 Nf6 5. f4 O-O 6. Nf3 c6 7. Be2 a6 8. O-O b5
9. e5 Ne8 10. Be3 Nc7 11. d5 cxd5 12. cxd5 Bb7 13. Bb6 Nd7 14. Ba5 Qb8 15. exd6
exd6 16. Rc1 Rc8 17. Ng5 Nf6 18. Bf3 h6 19. Nge4 Qa7+ 20. Kh1 Nxe4 21. Bxe4 Ne8
22. f5 g5 23. f6 Nxf6 24. Rxf6 Bxf6 25. Qf3 Bxc3 26. Rf1 Bg7 27. Qxf7+ Kh8 28.
Qg6 1-0

[Event "35t. Copenhagen Open (Politiken Cup)"]
[Site "Elsinore"]
[Date "2013.07.30"]
[Round "5"]
[White "Christensen, Janus"]
[Black "Colpe, Malte"]
[Result "0-1"]
[WhiteElo "2156"]
[BlackElo "2311"]
[PlyCount "94"]
[EventDate "2013.07.27"]
[EventType "swiss"]
[EventRounds "10"]
[EventCountry "DEN"]
[Source "ChessBase"]
[SourceDate "2013.08.26"]

1. e4 c5 2. Nc3 a6 3. f4 b5 4. g3 Bb7 5. Bg2 e6 6. Qe2 Nc6 7. Nf3 Nd4 8. Nxd4
cxd4 9. Nd1 Qc7 10. d3 Rc8 11. c3 Bc5 12. Bd2 Ne7 13. Rc1 Nc6 14. c4 Qb6 15.
O-O bxc4 16. Rxc4 a5 17. Qg4 O-O 18. Qh5 f5 19. Nf2 Ne7 20. b3 d5 21. exd5 Bxd5
22. Bxd5 Nxd5 23. Qe2 Bb4 24. Bxb4 axb4 25. Rfc1 Nc3 26. Qd2 Ra8 27. Rc2 Ra5
28. Nd1 Rfa8 29. Qe1 h6 30. Nb2 Rxa2 31. Qe5 Ra1+ 32. Kg2 Rd8 33. Rc7 Rd7 34.
Rxd7 Qc6+ 35. Kh3 Qxd7 36. Nc4 Kh7 37. Qc5 Qf7 38. Qxd4 Qh5+ 39. Kg2 Qd1 40.
Ne3 Qg1+ 41. Kh3 Re1 42. Qxb4 Rxe3 43. Qxc3 Qf1+ 44. Rg2 Qxf4 45. Qc4 Qf3 46.
Rg1 e5 47. b4 e4 0-1

[Event "35t. Copenhagen Open (Politiken Cup)"]
[Site "Elsinore"]
[Date "2013.07.30"]
[Round "5"]
[White "Christiansen, Jens Jorgen"]
[Black "Hobber, Anders"]
[Result "0-1"]
[WhiteElo "2121"]
[BlackElo "2278"]
[PlyCount "132"]
[EventDate "2013.07.27"]
[EventType "swiss"]
[EventRounds "10"]
[EventCountry "DEN"]
[Source "ChessBase"]
[SourceDate "2013.08.26"]

1. d4 d5 2. c4 c6 3. Nf3 Nf6 4. e3 Bf5 5. Nc3 e6 6. Be2 h6 7. O-O Nbd7 8. b3
Be7 9. Bb2 O-O 10. Rc1 Ne4 11. Nxe4 Bxe4 12. Ne5 Nxe5 13. dxe5 Qa5 14. a3 dxc4
15. b4 Qd5 16. Bxc4 Qxd1 17. Rfxd1 Rfd8 18. Rxd8+ Rxd8 19. Bd4 Ra8 20. f3 Bd5
21. Bxd5 exd5 22. Bc5 Kf8 23. Kf2 Bxc5 24. Rxc5 Ke7 25. b5 Kd7 26. bxc6+ bxc6
27. Ra5 Kc7 28. Ra4 a5 29. Rg4 g5 30. h4 Rg8 31. f4 Kd7 32. hxg5 hxg5 33. f5
Re8 34. Rxg5 Rxe5 35. g4 Ke7 36. Rg8 Re4 37. Rc8 Rxg4 38. Rxc6 Ra4 39. Rc7+ Kf6
40. Rd7 Kxf5 41. Rxd5+ Ke4 42. Rd7 f6 43. Re7+ Kf5 44. Kf3 Rxa3 45. Rb7 Ra1 46.
Rb5+ Kg6 47. Rc5 a4 48. Ra5 a3 49. Ke4 a2 50. Ra6 Kg5 51. Ra8 Kg4 52. Rg8+ Kh3
53. Ra8 Kg2 54. Ra6 Kg3 55. Ra3 Kf2 56. Kf5 Ke2 57. Ke6 Kd2 58. e4 Kc2 59. Ke7
Kb2 60. Rxa2+ Rxa2 61. Kxf6 Kc3 62. e5 Rf2+ 63. Kg7 Re2 64. Kf6 Kd4 65. e6 Kd5
66. e7 Kd6 0-1

[Event "35t. Copenhagen Open (Politiken Cup)"]
[Site "Elsinore"]
[Date "2013.07.30"]
[Round "5"]
[White "Edwardsson, Hannu Kalervo"]
[Black "Starup, Leo"]
[Result "0-1"]
[WhiteElo "1474"]
[BlackElo "1686"]
[PlyCount "96"]
[EventDate "2013.07.27"]
[EventType "swiss"]
[EventRounds "10"]
[EventCountry "DEN"]
[Source "ChessBase"]
[SourceDate "2013.08.26"]

1. e4 c5 2. c4 Nc6 3. Nf3 d6 4. Be2 Nf6 5. d3 e6 6. O-O Be7 7. Nc3 O-O 8. Be3
a6 9. a3 Bd7 10. Qc2 Rc8 11. Qd2 e5 12. Rab1 Nd4 13. Bxd4 cxd4 14. Nd5 Nxd5 15.
cxd5 Bg4 16. h3 Bxf3 17. Bxf3 g6 18. Be2 Bg5 19. Qd1 Rc5 20. g3 Qd7 21. Kg2
Rfc8 22. Bg4 f5 23. exf5 gxf5 24. Bf3 Rc2 25. Bh5 R8c5 26. Qf3 Rd2 27. Rfd1
Rcc2 28. Rxd2 Rxd2 29. b4 Be3 30. Rf1 Ra2 31. Kg1 Bh6 32. Rb1 Rxa3 33. b5 a5
34. b6 e4 35. Qe2 Rxd3 36. Qc2 Rc3 37. Qa2 Rc5 38. Qb2 Qa4 39. Qe2 Qd7 40. g4
d3 41. Qa2 d2 42. gxf5 Rc1+ 43. Kg2 Qg7+ 44. Bg4 d1=Q 45. Rxc1 Qxc1 46. Qxa5
Qca1 47. Qxa1 Qxa1 48. f6 Qxf6 0-1

[Event "35t. Copenhagen Open (Politiken Cup)"]
[Site "Elsinore"]
[Date "2013.07.30"]
[Round "5"]
[White "Englert, Fabian"]
[Black "Hinrichs, Jan"]
[Result "1-0"]
[WhiteElo "2282"]
[BlackElo "2072"]
[PlyCount "57"]
[EventDate "2013.07.27"]
[EventType "swiss"]
[EventRounds "10"]
[EventCountry "DEN"]
[Source "ChessBase"]
[SourceDate "2013.08.26"]

1. g3 c5 2. Bg2 d5 3. Nf3 Nc6 4. d4 e6 5. O-O Nf6 6. c4 dxc4 7. Ne5 Nxe5 8.
dxe5 Nd5 9. Na3 c3 10. bxc3 Be7 11. Qa4+ Bd7 12. Qg4 Qc7 13. c4 Qxe5 14. Bd2
Nf6 15. Qxg7 Rg8 16. Qh6 Ng4 17. Qxh7 Rh8 18. Qe4 Qh5 19. h3 e5 20. Nb5 Rd8 21.
Bc3 f5 22. Qxb7 f4 23. Rad1 Nh2 24. Nc7+ Kf8 25. Rxd7 Rxd7 26. Kxh2 Bd6 27.
Qc8+ Ke7 28. Nd5+ Ke6 29. Qxd7+ 1-0

[Event "35t. Copenhagen Open (Politiken Cup)"]
[Site "Elsinore"]
[Date "2013.07.30"]
[Round "5"]
[White "Nilssen, Ellen Fredericia"]
[Black "Hansen, Tommy"]
[Result "1/2-1/2"]
[WhiteElo "1544"]
[BlackElo "1804"]
[PlyCount "48"]
[EventDate "2013.07.27"]
[EventType "swiss"]
[EventRounds "10"]
[EventCountry "DEN"]
[Source "ChessBase"]
[SourceDate "2013.08.26"]

1. d4 Nf6 2. c4 c5 3. e3 e6 4. Nc3 cxd4 5. exd4 d5 6. Nf3 Nc6 7. Bg5 Be7 8. Be2
dxc4 9. Bxc4 O-O 10. O-O a6 11. Rc1 b5 12. Be2 Bb7 13. Qd2 Rc8 14. Rfd1 Nd5 15.
Nxd5 Qxd5 16. Bxe7 Nxe7 17. a3 Nf5 18. Rxc8 Rxc8 19. Ne1 Ne7 20. Bf3 Qd7 21.
Bxb7 Qxb7 22. Rc1 h6 23. h3 Nd5 24. Nf3 Rxc1+ 1/2-1/2

[Event "35t. Copenhagen Open (Politiken Cup)"]
[Site "Elsinore"]
[Date "2013.07.30"]
[Round "5"]
[White "Greeuw, Sietske"]
[Black "Satre, Mathias"]
[Result "1-0"]
[WhiteElo "1971"]
[BlackElo "1805"]
[PlyCount "63"]
[EventDate "2013.07.27"]
[EventType "swiss"]
[EventRounds "10"]
[EventCountry "DEN"]
[Source "ChessBase"]
[SourceDate "2013.08.26"]

1. e4 c6 2. d4 d5 3. Nc3 dxe4 4. Nxe4 Bf5 5. Ng3 Bg6 6. Nf3 Nd7 7. Bd3 Bxd3 8.
Qxd3 Qc7 9. O-O e6 10. Re1 Ngf6 11. Ng5 h6 12. Rxe6+ Be7 13. Nf5 hxg5 14. Rxe7+
Kd8 15. g3 g6 16. Bxg5 Nh7 17. Bf4 Qa5 18. Rxf7 gxf5 19. Rxf5 Qb4 20. Rf7 Nhf8
21. c3 Qb5 22. Qe4 b6 23. Qe7+ Kc8 24. Qe8+ Kb7 25. Rxd7+ Nxd7 26. Qxd7+ Ka6
27. a4 Qh5 28. h4 Rag8 29. a5 Qxh4 30. axb6+ Kb5 31. Qf5+ Kxb6 32. Qc5+ 1-0

[Event "35t. Copenhagen Open (Politiken Cup)"]
[Site "Elsinore"]
[Date "2013.07.30"]
[Round "5"]
[White "Halkias, Stelios"]
[Black "Kristiansen, Jens"]
[Result "1/2-1/2"]
[WhiteElo "2565"]
[BlackElo "2396"]
[PlyCount "173"]
[EventDate "2013.07.27"]
[EventType "swiss"]
[EventRounds "10"]
[EventCountry "DEN"]
[Source "ChessBase"]
[SourceDate "2013.08.26"]

1. d4 f5 2. g3 Nf6 3. Bg2 e6 4. c4 d5 5. Nh3 c6 6. O-O Bd6 7. Bf4 Be7 8. Nd2
O-O 9. Qc2 h6 10. Bxb8 Rxb8 11. Nf4 Qe8 12. Nf3 Bd6 13. Nd3 g5 14. Nfe5 Nd7 15.
b4 Nxe5 16. dxe5 Be7 17. Rfc1 Bd7 18. Qc3 Rc8 19. Qd4 b6 20. c5 Bd8 21. a4 Rb8
22. Rcb1 Rf7 23. e3 Bc8 24. Bf1 Ba6 25. b5 cxb5 26. Nb4 bxc5 27. Qxc5 Be7 28.
Qc6 Bxb4 29. Qxe8+ Rxe8 30. Rxb4 Rc7 31. axb5 Bc8 32. Be2 g4 33. Rba4 Ree7 34.
R4a2 Kf7 35. Kf1 Rb7 36. Rc1 Rec7 37. Rxc7+ Rxc7 38. Ke1 Ke7 39. Kd2 Kd8 40.
Bd3 Ke7 41. Ra1 Bd7 42. Ra2 Kd8 43. Ra1 Ke7 44. Ra4 Kd8 45. h3 h5 46. hxg4 hxg4
47. Ra1 Rb7 48. Ra6 Ke7 49. Ra5 Rc7 50. Ra1 Kf7 51. Rh1 Kg7 52. Rc1 Rxc1 53.
Kxc1 Kf7 54. Kb2 Ke7 55. Kc3 Kd8 56. Kb4 Kc7 57. Kc5 Bc8 58. Be2 Bd7 59. f3
gxf3 60. Bxf3 Bc8 61. Be2 Bd7 62. Bh5 Bc8 63. Bf7 Kd7 64. Bh5 Ke7 65. Be2 Bd7
66. Bd3 Be8 67. Be2 Kd7 68. Bf3 Kc7 69. g4 fxg4 70. Bxg4 Bf7 71. Bh3 Kd7 72.
Bg4 Kc7 73. Bd1 Bg6 74. Bf3 Bf5 75. Bh5 Bh3 76. Bg6 Bg4 77. e4 dxe4 78. Bxe4
Bd1 79. Bd3 Bg4 80. Bf1 Bf5 81. Bg2 Bg4 82. Bc6 Bf5 83. Be8 Bg4 84. Bg6 Bh3 85.
Be8 Bg4 86. Bf7 Bf5 87. Be8 1/2-1/2

[Event "35t. Copenhagen Open (Politiken Cup)"]
[Site "Elsinore"]
[Date "2013.07.30"]
[Round "5"]
[White "Hansen, Anders"]
[Black "Endresen, Ola Torstein"]
[Result "0-1"]
[WhiteElo "1709"]
[BlackElo "1399"]
[PlyCount "78"]
[EventDate "2013.07.27"]
[EventType "swiss"]
[EventRounds "10"]
[EventCountry "DEN"]
[Source "ChessBase"]
[SourceDate "2013.08.26"]

1. b3 Nf6 2. Bb2 g6 3. Bxf6 exf6 4. c4 b6 5. Nc3 Bb7 6. e3 f5 7. Nf3 Bg7 8. Rc1
d6 9. g3 O-O 10. Bg2 Nd7 11. d4 c6 12. O-O Nf6 13. Re1 Re8 14. b4 c5 15. bxc5
dxc5 16. d5 Re7 17. Nd2 Ne8 18. a4 Rb8 19. Ne2 Nc7 20. Nf4 Na6 21. h4 Nb4 22.
Qb3 a5 23. Nf3 Rd7 24. Nd3 Re7 25. Nf4 Rd7 26. Rcd1 Qf6 27. e4 fxe4 28. Rxe4
Qc3 29. Qxc3 Bxc3 30. Rc1 Bg7 31. Rce1 Rdd8 32. h5 Ba6 33. hxg6 hxg6 34. Bf1
Bc3 35. Rd1 Bc8 36. Re7 Bg4 37. Kg2 Bf6 38. Re3 Bd7 39. Nd3 Bxa4 0-1

[Event "35t. Copenhagen Open (Politiken Cup)"]
[Site "Elsinore"]
[Date "2013.07.30"]
[Round "5"]
[White "Hansen, Ole Foss"]
[Black "Greibrokk, Ingrid Andrea"]
[Result "0-1"]
[WhiteElo "1779"]
[BlackElo "1598"]
[PlyCount "112"]
[EventDate "2013.07.27"]
[EventType "swiss"]
[EventRounds "10"]
[EventCountry "DEN"]
[Source "ChessBase"]
[SourceDate "2013.08.26"]

1. d4 Nf6 2. c4 e5 3. dxe5 Ng4 4. e4 Nxe5 5. f4 Ng6 6. Nf3 Nc6 7. Be3 Qf6 8. e5
Bb4+ 9. Nc3 Bxc3+ 10. bxc3 Qe7 11. c5 b6 12. Qd5 Bb7 13. Be2 Rb8 14. Qc4 d6 15.
cxd6 cxd6 16. Qb5 dxe5 17. f5 Nf8 18. O-O Nd7 19. Bc4 a6 20. Qb2 b5 21. Be2 Na5
22. Qc2 Rc8 23. Rac1 Nc4 24. Bf2 Ndb6 25. Rfd1 O-O 26. Kh1 Rc7 27. Rd3 Rfc8 28.
Qb3 Nd5 29. Rcd1 Nf4 30. Bf1 Nxd3 31. Bxd3 e4 32. Bh4 Qe8 33. Re1 Qd7 34. Bxe4
Bxe4 35. Rxe4 Qxf5 36. Rd4 Ne5 37. Qd1 Rd7 38. Nxe5 Rxd4 39. cxd4 Qe4 40. Bg3
Rc2 41. Nf3 Rxa2 42. h3 b4 43. d5 Qc2 44. Qxc2 Rxc2 45. d6 Rc1+ 46. Kh2 Rd1 47.
Be5 Rd5 48. Kg3 f6 49. Bf4 b3 50. Bc1 Rxd6 51. Kf4 a5 52. Ke3 Rd1 53. Ba3 Ra1
54. Bb2 Ra2 55. Bc3 Rxg2 56. Nd2 a4 0-1

[Event "35t. Copenhagen Open (Politiken Cup)"]
[Site "Elsinore"]
[Date "2013.07.30"]
[Round "5"]
[White "Hansen, Victor"]
[Black "Hansen, Rasmus Agertoft"]
[Result "1-0"]
[WhiteElo "2089"]
[BlackElo "1945"]
[PlyCount "73"]
[EventDate "2013.07.27"]
[EventType "swiss"]
[EventRounds "10"]
[EventCountry "DEN"]
[Source "ChessBase"]
[SourceDate "2013.08.26"]

1. d4 f5 2. c4 Nf6 3. Nc3 d6 4. g3 g6 5. Bg2 Bg7 6. Nh3 O-O 7. O-O e5 8. d5 h6
9. f3 Nh5 10. e4 f4 11. Ne2 g5 12. Nf2 Nf6 13. Rb1 a5 14. b3 h5 15. a3 b6 16.
Qc2 Rf7 17. b4 axb4 18. axb4 Bf8 19. Nd3 Bd7 20. Bb2 Rh7 21. gxf4 gxf4 22. Kh1
h4 23. Rg1 Nh5 24. Bh3+ Ng3+ 25. Kg2 Bxh3+ 26. Kxh3 Qc8+ 27. Kg2 Nxe2 28. Qxe2
h3+ 29. Kf2+ Kf7 30. Rg4 Be7 31. Qd2 Bh4+ 32. Ke2 Qa6 33. Rc1 Nd7 34. Nxf4 exf4
35. Qxf4+ Bf6 36. Qf5 Kf8 37. Qxh7 1-0

[Event "35t. Copenhagen Open (Politiken Cup)"]
[Site "Elsinore"]
[Date "2013.07.30"]
[Round "5"]
[White "Haubro, Martin"]
[Black "Hinrichs, Lars"]
[Result "1/2-1/2"]
[WhiteElo "2201"]
[BlackElo "1997"]
[PlyCount "75"]
[EventDate "2013.07.27"]
[EventType "swiss"]
[EventRounds "10"]
[EventCountry "DEN"]
[Source "ChessBase"]
[SourceDate "2013.08.26"]

1. e4 e6 2. Qe2 c5 3. Nf3 Nc6 4. c3 d5 5. d3 Nf6 6. g3 Be7 7. Bg2 O-O 8. e5 Nd7
9. O-O b5 10. h4 f6 11. exf6 Nxf6 12. Bf4 Bd6 13. Bxd6 Qxd6 14. d4 Bd7 15. Nbd2
Kh8 16. Ne5 cxd4 17. Nxc6 dxc3 18. Ne5 cxd2 19. Rad1 Be8 20. Rxd2 Nd7 21. Re1
Nxe5 22. Qxe5 Qxe5 23. Rxe5 Bd7 24. Bh3 Rae8 25. Kg2 Kg8 26. Rc2 Rc8 27. Rxc8
Rxc8 28. Bxe6+ Bxe6 29. Rxe6 Rc2 30. Ra6 Rxb2 31. Rxa7 d4 32. a4 bxa4 33. Rxa4
d3 34. Rd4 Rd2 35. Kf3 Kf7 36. Ke3 Re2+ 37. Kf3 Rd2 38. Ke3 1/2-1/2

[Event "35t. Copenhagen Open (Politiken Cup)"]
[Site "Elsinore"]
[Date "2013.07.30"]
[Round "5"]
[White "Hector, Jonny"]
[Black "Holm, Kristian Stuvik"]
[Result "1-0"]
[WhiteElo "2509"]
[BlackElo "2255"]
[PlyCount "113"]
[EventDate "2013.07.27"]
[EventType "swiss"]
[EventRounds "10"]
[EventCountry "DEN"]
[Source "ChessBase"]
[SourceDate "2013.08.26"]

1. d4 Nf6 2. Nc3 d5 3. Bg5 Nbd7 4. Nf3 h6 5. Bf4 e6 6. e3 Bb4 7. Bd3 c5 8. O-O
a6 9. a3 Bxc3 10. bxc3 c4 11. Be2 Ne4 12. Qe1 O-O 13. a4 Re8 14. h3 Nf8 15. a5
Ng6 16. Bh2 Bd7 17. Ne5 Nxe5 18. Bxe5 Qe7 19. f3 Nd6 20. Qg3 Nf5 21. Qf2 f6 22.
Bh2 Nd6 23. e4 f5 24. exd5 exd5 25. Rfe1 Qf8 26. Be5 Nf7 27. f4 Nd6 28. Bf3 Bc6
29. Re3 Rad8 30. Rae1 Kh7 31. Bxd5 Ne4 32. Bxe4 Bxe4 33. Qe2 Bd5 34. Rb1 Re6
35. Rg3 g6 36. h4 h5 37. Rg5 Qf7 38. Re1 Rc8 39. Qd1 Rcc6 40. Qa1 Qe7 41. Rb1
Kg8 42. Rb4 Kf7 43. Qd1 Ke8 44. Qe1 Kf8 45. Rg3 Kf7 46. Re3 Rc8 47. Qg3 Qd8 48.
Ra4 Qe7 49. Re1 Kg8 50. Rb1 Kh7 51. Rab4 Qf7 52. Qg5 Re7 53. Rb6 Rc6 54. Qxe7
Qxe7 55. Rxb7 Qxb7 56. Rxb7+ Kg8 57. Rd7 1-0

[Event "35t. Copenhagen Open (Politiken Cup)"]
[Site "Elsinore"]
[Date "2013.07.30"]
[Round "5"]
[White "Heimisson, Hilmir Freyr"]
[Black "Rasmussen, Morten(1956)"]
[Result "1/2-1/2"]
[WhiteElo "1690"]
[BlackElo "1921"]
[PlyCount "107"]
[EventDate "2013.07.27"]
[EventType "swiss"]
[EventRounds "10"]
[EventCountry "DEN"]
[Source "ChessBase"]
[SourceDate "2013.08.26"]

1. e4 c5 2. Nc3 a6 3. a4 Nc6 4. f4 e6 5. Nf3 d6 6. Bc4 Nf6 7. Bb3 Be7 8. d3 Qd7
9. O-O O-O 10. Qe1 b6 11. Kh1 Na5 12. Ba2 b5 13. g4 g6 14. Qg3 b4 15. Ne2 c4
16. Bd2 Rb8 17. Rg1 Qc7 18. f5 exf5 19. gxf5 Nh5 20. Qe1 d5 21. Nh4 dxe4 22.
dxe4 Bb7 23. Nd4 Qe5 24. Nhf3 Bxe4 25. Rg2 Qd5 26. Qf1 Bf6 27. Be3 Bxd4 28.
Nxd4 Bxg2+ 29. Qxg2 Qxg2+ 30. Kxg2 b3 31. cxb3 cxb3 32. Bb1 Nc4 33. Bc1 Rb6 34.
Bd3 Rd8 35. Bxc4 Rxd4 36. Be3 Rxc4 37. Bxb6 Rc2+ 38. Kf3 gxf5 39. Bd4 Rc4 40.
Bc3 Kf8 41. a5 Nf4 42. Ra3 Nd5 43. Be5 Re4 44. Bd6+ Ke8 45. Rxb3 Kd7 46. Bg3
Ra4 47. Be1 Rf4+ 48. Kg3 Rg4+ 49. Kf3 Rf4+ 50. Ke2 Re4+ 51. Kf2 Rh4 52. Kg2 Re4
53. Kf1 Ne3+ 54. Kg1 1/2-1/2